00693 a2200193 4500010001400000020001100014035001300025037001800038082001300056090001500069100002600084245005000110260003600160270009800196300002500294942002800319999001500347952013700362 aENG-85681 c175.00 aEN-69214 bD.B.Act / Pub14a307.1216 c3442d34421 aWalia, Harinder Singh1 aPlanned urbanisationcby Harinder Singh Walia aChandigarhbUnistar Booksc2006 aS.C.O. 26-27, Sector 34 A,bChandigarhe160 022k0172-5077427, 5077428minfo@unistarbooks.com a119 p.c21 cm ( Hb.) adplcENk307.1216 / WAL c3375d3375 00102ddc40718NFICaDBADbDBADeDBAD/PUBg175.00l0o307.1216 WALpEN-69214r2008-09-15 00:00:00t1u3596v175.00w2008-09-15yEN